000 00369nam a2200133Ia 4500
008 220216s9999 xx 000 0 und d
100 _aCacioli P
245 0 _aIntroduction to latex and the rubber industry
260 _bRevue Francaise dAllergologie et dImmunologie Clinique
_c1997
300 _a1173
500 _aSource Year: 1998
856 _uIRRDB
942 _cJS
999 _c61604
_d61604